| 000 | 00854cam a2200289 4500 | ||
|---|---|---|---|
| 001 | 770575 | ||
| 003 | GBCCL | ||
| 005 | 20241126110345.0 | ||
| 008 | 730509s1973 nyu 000 0 eng | ||
| 010 | _a 72009125 | ||
| 020 | _a0060121386 | ||
| 040 |
_aDLC _cDLC _dDLC |
||
| 050 | 0 | 0 |
_aHC59 _b.I36 1973 |
| 082 | 0 | 0 |
_a338.9 _bILL |
| 100 | 1 |
_aIllich, Ivan, _d1926-2002. _91085 |
|
| 245 | 1 | 0 |
_aTools for conviviality _c[by] Ivan Illich. |
| 250 | _a[1st ed.] | ||
| 260 |
_aNew York, _bHarper & Row _c[1973] |
||
| 300 |
_axxv, 110 p. _c22 cm. |
||
| 350 | _a$5.95 | ||
| 490 | 0 | _aWorld perspectives, v. 47 | |
| 500 | _aFrench revised version has title: La convivialité. | ||
| 650 | 0 |
_aEconomic development _xSocial aspects. _91086 |
|
| 650 | 0 |
_aIndustries _xSocial aspects. _91087 |
|
| 906 |
_a7 _bcbc _corignew _d2 _eocip _f19 _gy-gencatlg |
||
| 942 |
_2ddc _cBK |
||
| 999 |
_c772 _d772 |
||